000
00263nam a22000977a 4500
008
240921b |||||||| |||| 00| 0 eng d
020
_a
9789357288118
100
_a
Oswaal Books
245
_a
CUET(UG) 10 Mock Test Papers (Chemistry
260
_a
New Delhi
_b
Oswaal Books
999
_c
12690
_d
12690